[Event "VIE-ch U11 Girls"]
[Site "Ho Chi Minh City"]
[Date "2022.07.14"]
[Round "6"]
[White "Luc, Kim Giao"]
[Black "Phung, Ngoc Minh Chau"]
[Result "1-0"]
[WhiteElo "2151"]
[BlackElo "2153"]
[PlyCount "45"]
[EventDate "2022.07.11"]
[EventType "swiss"]
[EventRounds "9"]
[EventCountry "VIE"]
[SourceTitle "EXT 2023"]
[Source "ChessBase"]
[SourceDate "2022.10.05"]
[SourceVersion "1"]
[SourceVersionDate "2022.10.05"]
[SourceQuality "1"]

1. d4 d5 2. c4 e6 3. Nf3 Nf6 4. Nc3 Be7 5. e3 0-0 6. Bd3 h6 7. 0-0 b6 8. b3 Bb7 9. Bb2 Nbd7 10. Rc1 Rc8 11. Re1 Re8 12. h3 c5 13. cxd5 Nxd5 14. Nxd5 Bxd5 15. Bb1 Bb7 16. dxc5 Bxc5 17. Qd3 Nf6 18. Qxd8 Rexd8 19. Bxf6 gxf6 20. a4 Bxf3 21. gxf3 Rd2 22. b4 Rc7 23. bxc5 1-0